| 000 | 00719nam a2200217 i 4500 | ||
|---|---|---|---|
| 001 | 29812 | ||
| 003 | ES-MaACL | ||
| 005 | 20231224062914.0 | ||
| 007 | t| | ||
| 008 | 030123s1941 sp |||| | spa d | ||
| 100 | 1 |
_aBaroja, Pío, _d1872-1956 _925752 |
|
| 245 | 1 | 4 |
_aLos espectros del castillo _b; Las familias enemigas ; La caja de música ; Los herejes milenaristas ; La pasión igualitaria / _cPío Baroja. |
| 260 |
_aBarcelona : _bPallas, _c1941 ( _fTalls. Gráfs. Rex) |
||
| 300 |
_a183 p. ; _c20 cm. |
||
| 740 | 4 | 2 | _aLas familias enemigas. |
| 740 | 3 | 2 | _aLa caja de música. |
| 740 | 4 | 2 | _aLos herejes milenaristas. |
| 740 | 3 | 2 | _aLa pasión igualitaria. |
| 852 |
_aES-MaACL _jF-14748 |
||
| 999 |
_c29812 _d29812 |
||